Word Chain - Ireland - Statistics

General Stats
  • This quiz has been taken 819 times
  • The average score is 14 of 24
Answer Stats
Hint Answer % Correct
Capital city Dublin
99%
Crop that failed, 1845-1852 Potato
95%
Irish language name for Ireland Éire
93%
Gemstone Ireland is nicknamed after Emerald
93%
Musical instrument on the coat of arms Harp
89%
Best-selling Irish beer Guinness
87%
Priest in Celtic religion Druid
85%
Star of "Taken" and "Schindler's List" Neeson
75%
Object the town of Blarney is famous for Stone
74%
Name for the Northern Ireland conflict Troubles
74%
Plant that symbolizes Ireland Shamrock
70%
Author of "Ulysses" Joyce
68%
First name of One Direction's Horan Niall
63%
World's best-selling Celtic singer Enya
56%
Longest river Shannon
54%
Stick-based Irish sport Hurling
45%
Irish word for lake Lough
40%
Leader of Sinn Féin Adams
32%
Poet and 1923 Nobel Prize winner Yeats
32%
Largest lake in Ireland Neagh
27%
19th century leader known as "The Liberator" O'Connell
23%
Satirist with a "modest proposal" to eat poor Irish children Swift
14%
City that was granted city status in 2002 Lisburn
10%
City that was granted city status in 2002 Newry
10%
No matching quizzes found
Score Distribution
Percent of People with Each Score
Percentile by Number Answered
Your Score History
You have not taken this quiz